000 00627nam a2200217Ia 4500
999 _c45239
_d45239
001 12062
003 GE_BSU
005 20221118164231.0
008 181216s2009en xx |||||||||||||| ||eng||
020 _a9780241144220x
040 _cGE_BSU
041 _aeng
080 _a821.111-32 E-29
100 _aEggers, Dave
_915945
245 4 _aThe wild things:
_b Novel /
_cDave Eggers.
264 _aLondon :
_bHamish Hamilton An imprint of Penguin Books,
_c2009.
300 _a281p.:
_b24 cm.
653 _aThe wild things : Novel
653 _aველური საგნები: რომანი
942 _cBK
_2udc